• 首页
  • 本馆介绍
  • 公告通知
  • 最新文献
  • 馆藏检索
  • 电子资源
  • 读者导购
  • 参考咨询
  • 我的图书馆
  • 登录
  • 详细信息显示
  • 放入我的书架
  • 预约/预借图书
  • 作者相关作品
  • 分类相关作品
  • 丛书相关作品
  • 出版社相关作品

书目信息

  • 表格格式
  • 工作单格式
  • 卡片格式
题名:
会讲故事的涂色绘本
    
 
作者: 涂涂猫 编著
分册:   公主成长记
出版信息: 北京   人民邮电出版社  2016.8
页数: 107页
开本: 24cm
丛书名:
单 册:
中图分类: G613.3 , G613.6
科图分类:
主题词: 故事课--学前教育--教学参考资料 , 图画课--学前教育--教学参考资料
电子资源:
ISBN: 978-7-115-42712-0
000 01013nam0 2200253 45
001 012001003457
005 20140909154323.0
010    @a978-7-115-42712-0@dCNY29.80
100    @a20181129d2016 be y0chiy0110 ea
101 0  @achi
102    @aCN@b110000
105    @aa z 000yy
106    @ar
200 1  @a会讲故事的涂色绘本@Ahui jiang gu shi de tu se hui ben@i公主成长记@f涂涂猫编著
210    @a北京@c人民邮电出版社@d2016.8
215    @a107页@d24cm
330    @a本书从公主涂涂的公主蜕变之旅展开,她遇见了风格各异精灵、仙子和公主们,有爱劳动的蜜蜂精灵、温顺坚韧的麋鹿精灵、热爱阳光的向日葵仙子、善良的白雪公主、信念坚定的七公主等共计近百名为了成长不断努力的生命。小朋友可以边涂色边讲听爸爸妈妈讲述她们的故事,也可以将自己独一无二的涂色故事讲出来给大家听。
606 0  @a故事课@x学前教育@j教学参考资料
606 0  @a图画课@x学前教育@j教学参考资料
690    @aG613.3@v5
690    @aG613.6@v5
701  0 @a涂涂猫@Atu tu mao@4编著
801    @aCN@bAHXH@c20210922
905    @b1326236-40@dG613.3@e2344@f5
    
    会讲故事的涂色绘本.公主成长记/涂涂猫编著.-北京:人民邮电出版社,2016.8
    107页;24cm
    
    
    ISBN 978-7-115-42712-0:CNY29.80
    本书从公主涂涂的公主蜕变之旅展开,她遇见了风格各异精灵、仙子和公主们,有爱劳动的蜜蜂精灵、温顺坚韧的麋鹿精灵、热爱阳光的向日葵仙子、善良的白雪公主、信念坚定的七公主等共计近百名为了成长不断努力的生命。小朋友可以边涂色边讲听爸爸妈妈讲述她们的故事,也可以将自己独一无二的涂色故事讲出来给大家听。
●
相关链接 在E读中查询图书 在五车中查询图书 在当当中查询图书 在豆瓣中查询图书


正题名:会讲故事的涂色绘本     索取号:G613.3/2344         预约/预借

序号 登录号 条形码 馆藏地/架位号 状态 备注
1 1326236   213262360   第一样本阅览室/ [索取号:G613.3/2344] 在馆    
2 1326237   213262379   教育系资料室/ [索取号:G613.3/2344] 在馆    
3 1326238   213262388   教育系资料室/ [索取号:G613.3/2344] 在馆    
4 1326239   213262397   第四借阅区/ [索取号:G613.3/2344] 在馆    
5 1326240   213262404   第四借阅区/ [索取号:G613.3/2344] 在馆    
唐山师范学院图书馆 欢迎您!
大连网信软件有限公司© 版权所有